| 000 | 00389nam a22001577a 4500 | ||
|---|---|---|---|
| 003 | OSt | ||
| 005 | 20231212072001.0 | ||
| 008 | 221212b xxu||||| |||| 00| 0 eng d | ||
| 020 | _a81-947400-4-5 | ||
| 040 | _cIIMT UNIVERSITY MEERUT | ||
| 100 | _aKAZMI, AZHAR | ||
| 245 | _aSTRATEGIC MANAGEMENT | ||
| 260 |
_aNEW DELHI _bMC GRAW HILL _c2022 |
||
| 300 | _a788 | ||
| 942 |
_2ddc _c01 _e5 EDITION |
||
| 999 |
_c56177 _d56177 |
||